| 000 | 00843nam a22002297a 4500 | ||
|---|---|---|---|
| 999 |
_c18476 _d18476 |
||
| 003 | AR-CdUCM | ||
| 008 | 190514b ||||| |||| 00| 0 spa d | ||
| 040 |
_aMUNICIPALIDAD PROVINCIAL DEL CUSCO _cBIBLIOTECA MUNICIPAL DEL CUSCO |
||
| 082 |
_a348.5 / _bZ92 |
||
| 100 |
_aZulueta, Manuel M. De _939086 |
||
| 245 | _aDerecho agrario / | ||
| 260 |
_aBarcelona : _bSalvat, _c1955. |
||
| 300 |
_a488 páginas ; _c23 cm. |
||
| 440 |
_aColección agrícola salvat ; _939087 |
||
| 505 | _aContenido: El derecho agrario -- Las fuentes del derecho agrario -- El derecho agrario en las leyes constitucionales -- El derecho agrario contenido en el código civil... | ||
| 650 |
_aDerecho agrario _94838 |
||
| 650 |
_aAgricultura _9320 |
||
| 650 |
_aCódigo civil _928051 |
||
| 650 |
_aAmérica _91348 |
||
| 942 |
_2ddc _cLIBROS |
||
| 945 |
_aacv _d2019-05-14 |
||